| 000 | 00428cam a22001457a 4500 | ||
|---|---|---|---|
| 008 | 180718b1997 xxu||||| |||| 00| 0 eng d | ||
| 020 | _a09174608985 | ||
| 082 | _aA5055 St24/98 (R) | ||
| 245 |
_aThe standard periodical directory, 1993 _cedited by Savita Ali et.al |
||
| 250 | _a21st ed. | ||
| 260 |
_aNew York _bOxbridge Communications _c1997 |
||
| 300 | _a2272p. | ||
| 650 | _aPeriodicals - Directories | ||
| 700 | _aSavita Ali | ||
| 999 |
_c491855 _d491855 |
||